000 01647nam a22001577a 4500
999 _c527660
_d527660
008 240913b ||||| |||| 00| 0 eng d
100 _aMishra, Manoj Kumar and Narayan, Rudra
_958145
245 _aIndian knowledge systems for sustainable development goals: An exploratory study
260 _aBihar Journal of Public Administration
300 _a21(1), Jan-Jun, 2024: p.172-180
520 _aThis study explores the potential of Indian Knowledge Systems (IKS) in achieving the Sustainable Development Goals (SDGs). IKS represents a holistic approach to knowledge deeply rooted in India’s cultural and traditional practices, encompassing diverse fields such as medicine, agriculture, architecture, and governance. As such the present paper intends to trace relevance of IKS in achieving SDGs. Based on secondary sources, the paper finds that the rich repository of IKS is characterized by its sustainable and inclusive nature, offering valuable insights and solutions to contemporary global challenges. IKS, with its emphasis on harmony with nature, community-based approaches, and respect for diversity, aligns closely with the ethos of the SDGs. By integrating IKS into sustainable development strategies, there is a unique opportunity to leverage traditional wisdom for addressing modern-day issues. – Reproduced http://www.iipabiharbranch.org/upload/BJPA_Vol.%20XXI%20No.%201%20Jan-June.%202024.pdf
650 _aIndian knowledge systems, Sustainable development goals, Traditional wisdom, Social inclusion.
_947625
773 _aBihar Journal of Public Administration
906 _aINDIAN KNOWLEDGE SYSTEMS
942 _cAR